| 000 | 00453nam a2200181Ia 4500 | ||
|---|---|---|---|
| 001 | 25372 | ||
| 005 | 20260414151145.0 | ||
| 008 | 260414t2011||||xx |||||||||||||| ||spa|| | ||
| 041 | _aESP | ||
| 082 |
_a346.5 _bG82 |
||
| 100 |
_aGrosso, Giuseppe _eAUT |
||
| 245 | 0 |
_aLas obligaciones contenido y requisitos de la prestación _b |
|
| 260 | _c2011 | ||
| 300 |
_a156 pƔginas : _c24 cm. |
||
| 650 | _aDER | ||
| 654 | _aCDE | ||
| 942 |
_cLIB _dJUS _fJUS _2ddc _n |
||
| 999 |
_c25372 _d25372 |
||